[Event "NAYCC U08"]
[Site "Montreal CAN"]
[Date "2010.08.17"]
[Round "3"]
[White "Zhurbinsky, David"]
[Black "Liao, Jun Kai"]
[Result "1/2-1/2"]
[WhiteElo "905"]
[BlackElo "331"]
[PlyCount "72"]
[EventDate "2010.08.16"]
[EventType "swiss"]
[EventRounds "7"]
[EventCountry "CAN"]

1. e4 e5 2. Nf3 Nc6 3. Bc4 Nf6 4. d3 Bc5 5. O-O O-O 6. Nxe5 Nxe5 7. d4 Neg4 8.
dxc5 d6 9. cxd6 cxd6 10. Nc3 a5 11. Bg5 Ra7 12. Nb5 Ra6 13. Qxg4 Nxg4 14. Bxd8
Rxd8 15. f3 Ne3 16. Nc7 Rc6 17. Rfe1 Nxc4 18. Nd5 Nxb2 19. Ne7+ Kf8 20. Nxc6
bxc6 21. Rab1 Na4 22. Rb8 c5 23. Ra8 Nb6 24. Rxa5 Nc4 25. Ra7 Rd7 26. Rxd7 Bxd7
27. a4 Bxa4 28. Ra1 Bxc2 29. Ra8+ Ke7 30. Ra7+ Ke6 31. Ra2 Bb3 32. Rf2 Ne3 33.
Re2 Nc4 34. Rf2 Ne5 35. f4 Nd3 36. Rf3 Bc4 1/2-1/2

[Event "NAYCC U08"]
[Site "Montreal CAN"]
[Date "2010.08.17"]
[Round "4"]
[White "Giovannetti, Grant"]
[Black "Ju, Lawrence"]
[Result "0-1"]
[WhiteElo "1048"]
[BlackElo "971"]
[PlyCount "68"]
[EventDate "2010.08.16"]
[EventType "swiss"]
[EventRounds "7"]
[EventCountry "CAN"]

1. Nf3 d5 2. d3 Bg4 3. Nbd2 Nc6 4. e4 dxe4 5. dxe4 Bxf3 6. Qxf3 Nd4 7. Qd1 Nf6
8. c3 Nc6 9. Qe2 e5 10. g3 Be7 11. Bg2 O-O 12. O-O Qd7 13. Rd1 Rad8 14. b3 Rfe8
15. Bb2 b6 16. Nc4 Qc8 17. Rxd8 Rxd8 18. Rd1 Rxd1+ 19. Qxd1 a5 20. Bf3 h6 21.
Kg2 Qd8 22. Qe2 b5 23. Ne3 b4 24. cxb4 axb4 25. Nc4 Bd6 26. Bg4 Nxg4 27. Qxg4
Nd4 28. Qh5 Qe7 29. Nxd6 cxd6 30. Qg4 Qg5 31. Qc8+ Kh7 32. h4 Qh5 33. Kh3 Qf3
34. Qg4 Qh1# 0-1

[Event "NAYCC U08"]
[Site "Montreal CAN"]
[Date "2010.08.17"]
[Round "4"]
[White "Kumar, Aravind"]
[Black "Balakrishnan, Praveen"]
[Result "1-0"]
[WhiteElo "1829"]
[BlackElo "1721"]
[PlyCount "137"]
[EventDate "2010.08.16"]
[EventType "swiss"]
[EventRounds "7"]
[EventCountry "CAN"]

1. d4 Nf6 2. Nf3 e6 3. g3 d5 4. Bg2 Be7 5. O-O O-O 6. c4 c5 7. dxc5 Bxc5 8.
cxd5 Nxd5 9. Qc2 Be7 10. Nc3 Qc7 11. Bd2 Bd7 12. Rac1 Nxc3 13. Bxc3 Nc6 14.
Rfd1 Rfd8 15. Qe4 f5 16. Qb1 Qb6 17. Nd4 Bc5 18. e3 Nxd4 19. Bxd4 Bxd4 20. Rxd4
Bc6 21. Rxd8+ Rxd8 22. Bxc6 bxc6 23. Qc2 Rd6 24. Qc3 Qc7 25. b4 Qb6 26. Kg2 Qb5
27. Qc5 Qxc5 28. Rxc5 Kf7 29. Ra5 Rd7 30. Rc5 Rd6 31. a4 Ke7 32. Kf3 Kd7 33.
Ra5 Ke7 34. Rxa7+ Kf6 35. Ra6 g5 36. b5 g4+ 37. Kg2 Ke7 38. Rxc6 Rxc6 39. bxc6
Kd6 40. Kf1 Kxc6 41. Ke2 Kc5 42. Kd3 e5 43. Kc3 h6 44. a5 Kb5 45. a6 Kxa6 46.
Kc4 h5 47. Kd5 f4 48. Kxe5 fxe3 49. fxe3 Kb5 50. Kf4 Kc4 51. Kg5 Kd3 52. Kxh5
Kxe3 53. Kxg4 Ke4 54. h4 Ke5 55. Kg5 Ke6 56. Kg6 Ke7 57. Kg7 Ke6 58. h5 Kf5 59.
h6 Kg4 60. h7 Kxg3 61. h8=Q Kg4 62. Kg6 Kf4 63. Qd4+ Kf3 64. Kg5 Kg3 65. Qe3+
Kg2 66. Kg4 Kf1 67. Qd2 Kg1 68. Kf3 Kh1 69. Qg2# 1-0

[Event "NAYCC U08"]
[Site "Montreal CAN"]
[Date "2010.08.17"]
[Round "4"]
[White "Miyaska, Marcus"]
[Black "Yip, Mattew"]
[Result "1-0"]
[WhiteElo "1527"]
[BlackElo "1191"]
[PlyCount "45"]
[EventDate "2010.08.16"]
[EventType "swiss"]
[EventRounds "7"]
[EventCountry "CAN"]

1. e4 d5 2. exd5 Nf6 3. Nf3 Nxd5 4. Bc4 Nb6 5. Bb3 Nc6 6. O-O Bg4 7. Bxf7+ Kxf7
8. Ng5+ Ke8 9. Qxg4 Nd4 10. Qe4 Qd5 11. Qd3 c5 12. f4 c4 13. Qh3 Nxc2 14. Nc3
Qd4+ 15. Kh1 Nxa1 16. Nb5 Qd7 17. Ne6 Kf7 18. Qf5+ Kg8 19. Nbd4 Qa4 20. Qb1 Nb3
21. axb3 cxb3 22. Qf5 Qa1 23. Ng5 1-0

[Event "NAYCC U08"]
[Site "Montreal CAN"]
[Date "2010.08.17"]
[Round "4"]
[White "Tomatuk, Isaac"]
[Black "Berube, Leandre"]
[Result "0-1"]
[WhiteElo "234"]
[BlackElo "677"]
[PlyCount "50"]
[EventDate "2010.08.16"]
[EventType "swiss"]
[EventRounds "7"]
[EventCountry "CAN"]

1. d4 g6 2. e3 Bg7 3. Bd2 Nf6 4. Nc3 O-O 5. Bb5 a6 6. Bc4 b5 7. Bd3 d6 8. Nf3
Bf5 9. O-O Bxd3 10. cxd3 b4 11. Nd5 Nxd5 12. Qb3 e6 13. Rac1 a5 14. Rxc7 Qxc7
15. Rc1 Qd8 16. Rc4 a4 17. Qc2 b3 18. Qd1 bxa2 19. Qa1 a3 20. bxa3 Rxa3 21. Qb2
a1=Q+ 22. Be1 Qxb2 23. Nh4 Ra1 24. Nf3 g5 25. Nxg5 Rxe1# 0-1

[Event "NAYCC U08"]
[Site "Montreal CAN"]
[Date "2010.08.17"]
[Round "4"]
[White "Xi, Michael"]
[Black "Van Raamsdonk, Raegan"]
[Result "1-0"]
[WhiteElo "662"]
[BlackElo "282"]
[PlyCount "59"]
[EventDate "2010.08.16"]
[EventType "swiss"]
[EventRounds "7"]
[EventCountry "CAN"]

1. e4 e5 2. d3 g6 3. g3 Nf6 4. Bg2 Bg7 5. Nh3 O-O 6. O-O Nc6 7. Ng5 d6 8. Nf3
Bg4 9. Nbd2 Qd7 10. h3 Rfe8 11. hxg4 Rad8 12. g5 Nh5 13. Re1 Re7 14. Kf1 b6 15.
Ke2 Nb4 16. Rg1 a6 17. Kf1 Qc6 18. a3 Kf8 19. axb4 Rdd7 20. g4 a5 21. bxa5 bxa5
22. gxh5 gxh5 23. d4 exd4 24. Nxd4 Qc5 25. N4b3 Qb5+ 26. c4 Qa6 27. Rxa5 Qxa5
28. Nxa5 c5 29. Nc6 Re6 30. Qxh5 1-0

[Event "NAYCC U08"]
[Site "Montreal CAN"]
[Date "2010.08.17"]
[Round "4"]
[White "Zhang, Hou Han"]
[Black "Zhurbinsky, David"]
[Result "0-1"]
[WhiteElo "1030"]
[BlackElo "905"]
[PlyCount "34"]
[EventDate "2010.08.16"]
[EventType "swiss"]
[EventRounds "7"]
[EventCountry "CAN"]

1. e4 e5 2. Nf3 Nc6 3. Bb5 a6 4. Bxc6 dxc6 5. Nxe5 Nf6 6. d3 Bd6 7. Nf3 O-O 8.
O-O Qe7 9. Re1 Be6 10. e5 Bb4 11. c3 Nd5 12. cxb4 Nxb4 13. Ng5 Qc5 14. Qh5 h6
15. Nxe6 fxe6 16. Re2 Qxc1+ 17. Re1 Qxe1# 0-1

[Event "NAYCC U08"]
[Site "Montreal CAN"]
[Date "2010.08.18"]
[Round "5"]
[White "Balakrishnan, Praveen"]
[Black "Boushy, Declan Paul"]
[Result "1-0"]
[WhiteElo "1721"]
[BlackElo "1021"]
[PlyCount "60"]
[EventDate "2010.08.16"]
[EventType "swiss"]
[EventRounds "7"]
[EventCountry "CAN"]

1. e4 c5 2. Nf3 e6 3. d4 cxd4 4. Nxd4 Bc5 5. Be3 Ne7 6. Be2 O-O 7. O-O e5 8.
Nf5 Nxf5 9. Bxc5 d6 10. Bb4 Ne7 11. Qxd6 Qxd6 12. Bxd6 Nbc6 13. Bb5 Rd8 14. Bc5
b6 15. Be3 Nb4 16. Na3 Bb7 17. f3 Rdc8 18. c3 Bc6 19. cxb4 Rc7 20. Rac1 Rac8
21. Rfd1 Bxb5 22. Rxc7 Rf8 23. Nxb5 a6 24. Rxe7 axb5 25. Bxb6 h6 26. Rxe5 f6
27. Rxb5 Rd8 28. a4 f5 29. exf5 g6 30. Rc5 gxf5 1-0

[Event "NAYCC U08"]
[Site "Montreal CAN"]
[Date "2010.08.18"]
[Round "5"]
[White "Chen, Kelvin"]
[Black "Zhang, Hou Han"]
[Result "0-1"]
[WhiteElo "632"]
[BlackElo "1030"]
[PlyCount "72"]
[EventDate "2010.08.16"]
[EventType "swiss"]
[EventRounds "7"]
[EventCountry "CAN"]

1. e4 e6 2. Nf3 d5 3. Qe2 dxe4 4. Qxe4 Nf6 5. Qe3 b6 6. Bb5+ Nbd7 7. Bc6 Rb8 8.
Ne5 Bd6 9. Nxd7 Bxd7 10. Bxd7+ Qxd7 11. O-O O-O 12. d3 Qb5 13. b3 Be5 14. d4
Bd6 15. a3 Ng4 16. Qd2 Nxh2 17. Re1 Ng4 18. Re4 Qh5 19. f3 Qh2+ 20. Kf1 Qh1+
21. Ke2 Qxg2+ 22. Ke1 Qxf3 23. Re2 Bg3+ 24. Kd1 Qf1+ 25. Re1 Nf2+ 26. Qxf2 Qxf2
27. Re2 Qf1+ 28. Kd2 Bf4+ 29. Kd3 Qxc1 30. Kc3 Rbd8 31. Rg2 Qd1 32. Rd2 Bxd2+
33. Kc4 Be3 34. c3 Bxd4 35. b4 Be5 36. a4 Qd5# 0-1

[Event "NAYCC U08"]
[Site "Montreal CAN"]
[Date "2010.08.18"]
[Round "5"]
[White "Ju, Lawrence"]
[Black "Su, Michael"]
[Result "1/2-1/2"]
[WhiteElo "971"]
[BlackElo "1230"]
[PlyCount "121"]
[EventDate "2010.08.16"]
[EventType "swiss"]
[EventRounds "7"]
[EventCountry "CAN"]

1. d4 Nf6 2. Nf3 d5 3. Bg5 Bg4 4. e3 h6 5. Bxf6 gxf6 6. Be2 Nc6 7. Nc3 e6 8.
O-O Rg8 9. g3 Bh3 10. Re1 f5 11. Bb5 Qd6 12. Bxc6+ Qxc6 13. Ne5 Qb6 14. Qh5 Rg7
15. Qxh3 Qxb2 16. Ne2 Qxc2 17. Qf1 Qe4 18. Nc3 Qc2 19. Qb5+ c6 20. Qxb7 Rd8 21.
Qxc6+ Ke7 22. Nxd5+ Rxd5 23. Qxc2 Kf6 24. Nc6 Rd7 25. Qc3 Rc7 26. d5+ Kg5 27.
f4+ Kh5 28. dxe6 fxe6 29. e4 a5 30. Qf3+ Kg6 31. exf5+ exf5 32. Re6+ Kh7 33.
Nxa5 Bc5+ 34. Kg2 Bd4 35. Qh5 Rc2+ 36. Kh3 Kg8 37. Re8+ Kh7 38. Qxf5+ Rg6 39.
Qxc2 Bxa1 40. Re7+ Bg7 41. f5 Rf6 42. Nc6 h5 43. a4 h4 44. gxh4 Rh6 45. f6+ Kg8
46. Rxg7+ Kh8 47. a5 Rxh4+ 48. Kg2 Rg4+ 49. Kf3 Rf4+ 50. Ke3 Re4+ 51. Kd2 Rd4+
52. Kc1 Rd1+ 53. Kb2 Rb1+ 54. Kc3 Rb3+ 55. Kd4 Rd3+ 56. Ke5 Rd5+ 57. Kf4 Rf5+
58. Kg4 Rg5+ 59. Kh4 Rh5+ 60. Kg4 Rg5+ 61. Kh3 1/2-1/2

[Event "NAYCC U08"]
[Site "Montreal CAN"]
[Date "2010.08.18"]
[Round "5"]
[White "Miyaska, Marcus"]
[Black "Kumar, Aravind"]
[Result "0-1"]
[WhiteElo "1527"]
[BlackElo "1829"]
[PlyCount "66"]
[EventDate "2010.08.16"]
[EventType "swiss"]
[EventRounds "7"]
[EventCountry "CAN"]

1. e4 e6 2. d4 d5 3. e5 c5 4. c3 Nc6 5. Bb5 Qb6 6. Bxc6+ bxc6 7. Nf3 Ba6 8.
Nbd2 cxd4 9. cxd4 Nh6 10. Qb3 Nf5 11. Qxb6 axb6 12. Nb3 h5 13. Bg5 Bc4 14.
O-O-O Rxa2 15. Nfd2 Bb4 16. Kc2 Kd7 17. Be3 Bb5 18. h4 Rc8 19. Kb1 Rca8 20. Kc2
Nxe3+ 21. fxe3 Be2 22. Rde1 Bg4 23. Ref1 Bf5+ 24. Kd1 Rxb2 25. Ke2 Bxd2 26.
Nxd2 Raa2 27. Rd1 Bg4+ 28. Kf2 Bxd1 29. Rxd1 Rxd2+ 30. Rxd2 Rxd2+ 31. Kf3 b5
32. e4 dxe4+ 33. Kxe4 b4 0-1

[Event "NAYCC U08"]
[Site "Montreal CAN"]
[Date "2010.08.17"]
[Round "5"]
[White "Xi, Michael"]
[Black "Tomatuk, Isaac"]
[Result "1-0"]
[WhiteElo "662"]
[BlackElo "234"]
[Annotator ",user"]
[PlyCount "43"]
[EventDate "2010.08.16"]
[EventType "swiss"]
[EventRounds "7"]
[EventCountry "CAN"]

1. e4 e5 2. d3 d6 3. Bd2 Bd7 4. g3 Qe7 5. Bg2 Nf6 6. Nf3 Nh5 7. O-O Qe6 8. h3
b5 9. g4 Nf6 10. g5 Ng8 11. Nh2 Bc6 12. Bf3 Qd7 13. Bg4 Qd8 14. h4 Ne7 15. Bh3
Ng6 16. h5 Be7 17. hxg6 fxg6 18. Kh1 O-O 19. Qc1 Bxg5 20. Bxg5 Na6 21. Bxd8
Raxd8 22. Ng4 {etc.} 1-0

[Event "NAYCC U08"]
[Site "Montreal CAN"]
[Date "2010.08.18"]
[Round "5"]
[White "Yip, Mattew"]
[Black "Lai, William"]
[Result "0-1"]
[WhiteElo "1191"]
[BlackElo "1084"]
[PlyCount "132"]
[EventDate "2010.08.16"]
[EventType "swiss"]
[EventRounds "7"]
[EventCountry "CAN"]

1. d4 d5 2. c4 e6 3. Nc3 Nf6 4. Bg5 Be7 5. Nf3 O-O 6. e3 Nbd7 7. cxd5 exd5 8.
Qb3 c6 9. Bd3 Re8 10. O-O-O Ng4 11. Bxe7 Qxe7 12. Rdf1 a5 13. h3 Ngf6 14. a4
Ne4 15. Ne2 Nxf2 16. Bxh7+ Kxh7 17. Rxf2 Qxe3+ 18. Qxe3 Rxe3 19. Ng5+ Kg8 20.
Nxf7 Nf6 21. Nd6 Re6 22. Nxc8 Rxc8 23. g4 Rce8 24. Nc3 Ne4 25. Nxe4 dxe4 26.
Kc2 Rd6 27. Kc3 b5 28. axb5 cxb5 29. Rd1 Rc6+ 30. Kb3 e3 31. Re2 Kf7 32. d5 Rd6
33. Rd3 Kf6 34. Rdxe3 Rxe3+ 35. Rxe3 Rxd5 36. Rf3+ Kg5 37. Kc3 Kh4 38. b3 g6
39. b4 a4 40. Kb2 Rd7 41. Ka3 Rd1 42. Rf6 Kg5 43. Rf3 Rh1 44. Kb2 Kh4 45. Rf6
Rxh3 46. Rxg6 Rb3+ 47. Ka2 Rxb4 48. g5 Rg4 49. Ka3 Rxg5 50. Rxg5 Kxg5 51. Kb4
Kf5 52. Ka3 Ke4 53. Kb4 Kd4 54. Ka3 Kc3 55. Ka2 b4 56. Kb1 b3 57. Ka1 a3 58.
Kb1 a2+ 59. Ka1 b2+ 60. Kxa2 Kc2 61. Ka3 b1=Q 62. Ka4 Kc3 63. Ka5 Kc4 64. Ka6
Kc5 65. Ka7 Kc6 66. Ka8 Qb7# 0-1

[Event "NAYCC U08"]
[Site "Montreal CAN"]
[Date "2010.08.18"]
[Round "5"]
[White "Zhurbinsky, David"]
[Black "Giovannetti, Grant"]
[Result "0-1"]
[WhiteElo "905"]
[BlackElo "1048"]
[PlyCount "49"]
[EventDate "2010.08.16"]
[EventType "swiss"]
[EventRounds "7"]
[EventCountry "CAN"]

1. e4 c5 2. Nf3 d6 3. Bb5+ Bd7 4. Bxd7+ Nxd7 5. d4 a6 6. dxc5 Nxc5 7. Nc3 e6 8.
O-O Nf6 9. e5 dxe5 10. Nxe5 Bd6 11. Nc4 Bc7 12. Be3 Nce4 13. Nxe4 Nxe4 14.
Qxd8+ Rxd8 15. Rad1 O-O 16. f3 Nf6 17. Bg5 b5 18. Ne3 Bb6 19. Kf2 Bd4 20. c3
Bb6 21. Bxf6 gxf6 22. Ke2 f5 23. Rxd8 Rxd8 24. Rd1 Rxd1 25. Kxd1 {...} 0-1

[Event "NAYCC U08"]
[Site "Montreal CAN"]
[Date "2010.08.18"]
[Round "6"]
[White "Berube, Louis-Alexandre"]
[Black "Zhang, Hou Han"]
[Result "0-1"]
[WhiteElo "695"]
[BlackElo "1030"]
[PlyCount "46"]
[EventDate "2010.08.16"]
[EventType "swiss"]
[EventRounds "7"]
[EventCountry "CAN"]

1. d4 Nf6 2. Nf3 e6 3. e3 b6 4. Bd3 Bb7 5. Nbd2 g6 6. O-O Bg7 7. c3 O-O 8. Ne5
d6 9. Nef3 Nbd7 10. b3 Nd5 11. Be4 Nxc3 12. Qc2 Nxe4 13. Nxe4 f5 14. Neg5 Qe7
15. Qxc7 Ba6 16. Re1 Rfc8 17. Qxc8+ Rxc8 18. e4 fxe4 19. Rxe4 Nf6 20. Rxe6 Qc7
21. h3 Re8 22. Re3 Rxe3 23. Bxe3 Qc2 0-1

[Event "NAYCC U08"]
[Site "Montreal CAN"]
[Date "2010.08.18"]
[Round "6"]
[White "Boushy, Declan Paul"]
[Black "Cauchy-Vaillancourt, Marek"]
[Result "1-0"]
[WhiteElo "1021"]
[BlackElo "744"]
[PlyCount "61"]
[EventDate "2010.08.16"]
[EventType "swiss"]
[EventRounds "7"]
[EventCountry "CAN"]

1. e4 e5 2. Nf3 Nc6 3. Bc4 Bc5 4. d3 Nf6 5. Ng5 h6 6. Nxf7 Rf8 7. Nxd8 Kxd8 8.
O-O Nd4 9. Be3 Ng4 10. Bxd4 Bxd4 11. c3 Bxf2+ 12. Rxf2 Nxf2 13. Qf1 Ke8 14. Qe2
d6 15. Qh5+ Kd8 16. Bf7 Bg4 17. Qg6 Be2 18. Kxf2 Bxd3 19. Kg1 c6 20. Qxd6+ Kc8
21. Qxf8+ Kc7 22. Qxa8 Bxe4 23. Qe8 Bd5 24. Qxe5+ Kd8 25. Bxd5 cxd5 26. Qxd5+
Kc8 27. Na3 b6 28. Qc6+ Kb8 29. Re1 a6 30. Re7 g5 31. Qe8# 1-0

[Event "NAYCC U08"]
[Site "Montreal CAN"]
[Date "2010.08.18"]
[Round "6"]
[White "Giovannetti, Grant"]
[Black "Kotsovolos, Nikolas"]
[Result "1-0"]
[WhiteElo "1048"]
[BlackElo "691"]
[PlyCount "51"]
[EventDate "2010.08.16"]
[EventType "swiss"]
[EventRounds "7"]
[EventCountry "CAN"]

1. Nf3 e6 2. d3 f5 3. g3 c6 4. Bg2 Qb6 5. Nbd2 Bc5 6. O-O Qd8 7. Re1 Qb6 8. e3
Bb4 9. Nc4 Qa6 10. c3 Be7 11. b3 d5 12. Nce5 Bf6 13. Bb2 Qb6 14. d4 Qd8 15. Qe2
Bg5 16. Ba3 f4 17. exf4 Bxf4 18. gxf4 Qf6 19. Ng5 Qxf4 20. Nef7 Nf6 21. Nxh8
Ng4 22. Qc2 Qxh2+ 23. Kf1 Nd7 24. Rxe6+ Kd8 25. Bd6 Qh4 26. Nhf7# 1-0

[Event "NAYCC U08"]
[Site "Montreal CAN"]
[Date "2010.08.18"]
[Round "6"]
[White "Lai, William"]
[Black "Kumar, Aravind"]
[Result "0-1"]
[WhiteElo "1084"]
[BlackElo "1829"]
[PlyCount "110"]
[EventDate "2010.08.16"]
[EventType "swiss"]
[EventRounds "7"]
[EventCountry "CAN"]

1. e4 e6 2. d4 d5 3. Nc3 Nf6 4. Bg5 Bb4 5. e5 h6 6. exf6 hxg5 7. fxg7 Rg8 8.
Qh5 Qf6 9. Nge2 c5 10. dxc5 d4 11. a3 dxc3 12. axb4 cxb2 13. Rb1 Qxg7 14. Qf3
a5 15. Qa3 Nc6 16. c3 Ne5 17. Nd4 Qh7 18. Qxb2 Qe4+ 19. Kd1 Nd3 20. Qe2 Nxf2+
21. Qxf2 Qxb1+ 22. Kd2 Qb2+ 23. Nc2 Bd7 24. Bd3 axb4 25. cxb4 Qe5 26. Rf1 Qf4+
27. Qxf4 gxf4 28. Be4 Bc6 29. Bxc6+ bxc6 30. Rxf4 Rxg2+ 31. Kc3 Rxh2 32. Ne3
Ra3+ 33. Kd4 e5+ 34. Kxe5 Rxe3+ 35. Kd6 Re6+ 36. Kc7 Rd2 37. Kb6 Rb2 38. Rd4
Ke7 39. Kc7 Rb1 40. Rd7+ Kf6 41. Rd6 Rxd6 42. cxd6 Rxb4 43. d7 Rd4 44. d8=Q+
Rxd8 45. Kxd8 c5 46. Kd7 c4 47. Kd6 c3 48. Kd5 c2 49. Kc4 c1=Q+ 50. Kb3 Ke5 51.
Ka2 Qc8 52. Kb3 Kd4 53. Ka4 Qb7 54. Ka5 Kc4 55. Ka4 Qa6# 0-1

[Event "NAYCC U08"]
[Site "Montreal CAN"]
[Date "2010.08.18"]
[Round "6"]
[White "Ponomarev, Denis"]
[Black "Sun, Nicholas (Xiaozhou)"]
[Result "1-0"]
[WhiteElo "628"]
[BlackElo "696"]
[PlyCount "64"]
[EventDate "2010.08.16"]
[EventType "swiss"]
[EventRounds "7"]
[EventCountry "CAN"]

1. e4 e5 2. Bc4 Nf6 3. Nc3 Bc5 4. Na4 Be7 5. d4 a6 6. Bd5 c6 7. Bd2 cxd5 8. f3
exd4 9. Ne2 dxe4 10. Nxd4 exf3 11. gxf3 b5 12. Nc3 O-O 13. Be3 Nc6 14. Qe2 Nxd4
15. Bxd4 b4 16. Bxf6 bxc3 17. Bxe7 Re8 18. Bxd8 Rxe2+ 19. Kxe2 cxb2 20. Kd2 d5
21. Rab1 h6 22. Rhg1 Be6 23. Bc7 Rc8 24. Be5 d4 25. Rxg7+ Kf8 26. Bxd4 Bxa2 27.
Rxb2 f6 28. Bxf6 Bd5 29. Ra7 Bxf3 30. Rxa6 Kf7 31. Bc3 h5 32. h4 Ke7 1-0

[Event "NAYCC U08"]
[Site "Montreal CAN"]
[Date "2010.08.18"]
[Round "6"]
[White "Yip, Mattew"]
[Black "Berube, Leandre"]
[Result "1-0"]
[WhiteElo "1208"]
[BlackElo "677"]
[PlyCount "37"]
[EventDate "2010.08.16"]
[EventType "swiss"]
[EventRounds "7"]
[EventCountry "CAN"]

1. d4 b5 2. e4 Nf6 3. e5 Ne4 4. f3 e6 5. fxe4 Bb4+ 6. c3 Ba5 7. b4 Bb6 8. Bxb5
Ba6 9. Bxa6 Nxa6 10. b5 Nb8 11. Nf3 Ba5 12. Bg5 f6 13. exf6 gxf6 14. Bh6 Rg8
15. O-O Rg6 16. Be3 Rg4 17. Ne5 Rxe4 18. Qh5+ Kf8 19. Qf7# 1-0

[Event "NAYCC U08"]
[Site "Montreal CAN"]
[Date "2010.08.18"]
[Round "6"]
[White "Zhurbinsky, David"]
[Black "Xi, Michael"]
[Result "1-0"]
[WhiteElo "905"]
[BlackElo "662"]
[PlyCount "21"]
[EventDate "2010.08.16"]
[EventType "swiss"]
[EventRounds "7"]
[EventCountry "CAN"]

1. e4 g6 2. Nf3 Bg7 3. Bc4 Nf6 4. Ng5 h6 5. Nxf7 O-O 6. Nxd8+ Kh7 7. Nf7 d6 8.
e5 dxe5 9. Nxe5 c6 10. d4 b5 11. Bb3 1-0

[Event "NAYCC U08"]
[Site "Montreal CAN"]
[Date "2010.08.19"]
[Round "7"]
[White "Balakrishnan, Praveen"]
[Black "Miyaska, Marcus"]
[Result "0-1"]
[WhiteElo "1721"]
[BlackElo "1527"]
[PlyCount "80"]
[EventDate "2010.08.16"]
[EventType "swiss"]
[EventRounds "7"]
[EventCountry "CAN"]

1. e4 e5 2. Nf3 Nc6 3. Bb5 Nge7 4. O-O g6 5. Re1 Bg7 6. c3 O-O 7. d3 d6 8. h3
f5 9. Ng5 Na5 10. b4 a6 11. Ba4 b5 12. Bc2 Nac6 13. Bb3+ d5 14. exd5 Nxd5 15.
Qf3 Nce7 16. a3 h6 17. c4 hxg5 18. cxd5 e4 19. dxe4 Bxa1 20. d6+ Kg7 21. dxe7
Qxe7 22. Bd5 Rb8 23. Be3 fxe4 24. Qe2 Qe5 25. Qc2 Qxd5 26. Qxc7+ Bd7 27. Nc3
Bxc3 28. Qxc3+ Kg8 29. Bd4 Rbc8 30. Qa1 Rc4 31. Bh8 Qf7 32. Kh1 Rc2 33. Rf1 e3
34. f3 e2 35. Re1 Bxh3 36. gxh3 Qxf3+ 37. Kh2 Qf2+ 38. Kh1 Qf1+ 39. Rxf1
exf1=Q+ 40. Qxf1 Rxf1# 0-1

[Event "NAYCC U08"]
[Site "Montreal CAN"]
[Date "2010.08.19"]
[Round "7"]
[White "Berube, Leandre"]
[Black "Zhurbinsky, David"]
[Result "0-1"]
[WhiteElo "677"]
[BlackElo "905"]
[PlyCount "104"]
[EventDate "2010.08.16"]
[EventType "swiss"]
[EventRounds "7"]
[EventCountry "CAN"]

1. e4 e5 2. Bc4 Nc6 3. Qh5 g6 4. Qf3 Qf6 5. Qb3 Nd4 6. Qd3 Bg7 7. c3 b5 8. Bd5
c6 9. cxd4 cxd5 10. exd5 exd4 11. b3 Qe5+ 12. Ne2 Qxd5 13. Nf4 Qg5 14. g3 Bb7
15. O-O Ne7 16. h4 Qg4 17. Ba3 Be5 18. f3 Qxg3+ 19. Kh1 Bxf4 20. Qe2 Qxh4+ 21.
Kg1 d3 22. Qxe7+ Qxe7 23. Bxe7 Kxe7 24. Re1+ Kf6 25. Rc1 Be5 26. Nc3 b4 27.
Ne4+ Bxe4 28. fxe4 Bxa1 29. Rf1+ Ke5 30. Rxa1 Kxe4 31. Re1+ Kd4 32. Rc1 h5 33.
Rc4+ Kd5 34. Rxb4 Rab8 35. Rc4 Rhc8 36. Rxc8 Rxc8 37. b4 Rc2 38. a4 Rxd2 39. b5
Rb2 40. Kf1 d2 41. Ke2 Kc4 42. Kd1 Kc3 43. b6 axb6 44. a5 bxa5 45. Ke2 Kc2 46.
Kf3 d1=Q+ 47. Ke4 Rb5 48. Ke3 Qd3+ 49. Kf4 Qd4+ 50. Kf3 Rb3+ 51. Ke2 Qd2+ 52.
Kf1 Rb1# 0-1

[Event "NAYCC U08"]
[Site "Montreal CAN"]
[Date "2010.08.19"]
[Round "7"]
[White "Boushy, Declan Paul"]
[Black "Su, Michael"]
[Result "0-1"]
[WhiteElo "1021"]
[BlackElo "1290"]
[PlyCount "43"]
[EventDate "2010.08.16"]
[EventType "swiss"]
[EventRounds "7"]
[EventCountry "CAN"]

1. d4 Nf6 2. Nc3 d5 3. Bf4 Bf5 4. Nb5 Na6 5. Nc3 c6 6. Nf3 e6 7. e3 Nc7 8. Ne5
Nd7 9. Bd3 Bxd3 10. Qxd3 c5 11. Nxd7 c4 12. Qe2 Qxd7 13. Bxc7 Qxc7 14. O-O Bd6
15. g3 a6 16. e4 dxe4 17. Qxe4 O-O 18. Qe3 b5 19. b3 cxb3 20. cxb3 Rfc8 21.
Rac1 Ba3 22. Rc2 0-1

[Event "NAYCC U08"]
[Site "Montreal CAN"]
[Date "2010.08.19"]
[Round "7"]
[White "Kumar, Aravind"]
[Black "Giovannetti, Grant"]
[Result "1-0"]
[WhiteElo "1829"]
[BlackElo "1048"]
[PlyCount "88"]
[EventDate "2010.08.16"]
[EventType "swiss"]
[EventRounds "7"]
[EventCountry "CAN"]

1. d4 Nf6 2. Nf3 g6 3. g3 Bg7 4. Bg2 O-O 5. O-O d6 6. c4 Nc6 7. d5 Na5 8. Nbd2
c5 9. Qc2 Bf5 10. e4 Bg4 11. Rb1 Rb8 12. a3 b6 13. b4 Nb7 14. h3 Bxf3 15. Bxf3
Qd7 16. Bg2 cxb4 17. axb4 Rfc8 18. Qd3 b5 19. cxb5 Rc7 20. Bb2 Rbc8 21. e5 dxe5
22. Bxe5 Nd6 23. Nb3 Rb7 24. Nc5 Qxb5 25. Qxb5 Rxb5 26. Rfc1 Rcb8 27. Bc3 Bh6
28. Re1 a5 29. Bxf6 exf6 30. Nd7 R8b7 31. Nxf6+ Kg7 32. Ne4 Rxb4 33. Rxb4 Rxb4
34. Nxd6 a4 35. Ra1 Bd2 36. Ne4 Bh6 37. Nc5 Kg8 38. Rxa4 Rb1+ 39. Bf1 Rd1 40.
Ra8+ Kg7 41. Rd8 Bg5 42. Rd7 Rc1 43. Ne6+ Kf6 44. Nxg5 Kxg5 1-0

[Event "NAYCC U08"]
[Site "Montreal CAN"]
[Date "2010.08.19"]
[Round "7"]
[White "Lai, William"]
[Black "Ju, Lawrence"]
[Result "1-0"]
[WhiteElo "1084"]
[BlackElo "971"]
[PlyCount "81"]
[EventDate "2010.08.16"]
[EventType "swiss"]
[EventRounds "7"]
[EventCountry "CAN"]

1. e4 c5 2. Nf3 Nc6 3. d4 cxd4 4. Nxd4 Nf6 5. Nc3 d6 6. Bg5 e5 7. Nf3 Be7 8.
Bc4 O-O 9. O-O Bg4 10. h3 Bxf3 11. Qxf3 Nd4 12. Qd3 Nxe4 13. Bxe7 Qxe7 14. Nxe4
Rac8 15. c3 Nf5 16. Bb3 Rfd8 17. Rad1 Rc6 18. Rfe1 h6 19. Qf3 Nh4 20. Qg3 Nf5
21. Qd3 Rb6 22. Ng3 Nxg3 23. Qxg3 g6 24. Qxg6+ Kf8 25. Qxh6+ Ke8 26. Ba4+ Rc6
27. Bxc6+ bxc6 28. f4 f6 29. fxe5 fxe5 30. Qh5+ Kd7 31. Rxe5 Qf6 32. Qf5+ Qxf5
33. Rxf5 Rb8 34. b3 a6 35. Rf6 d5 36. g4 Rh8 37. Kg2 Ke7 38. Rxc6 Kd7 39. Rxa6
Re8 40. Rxd5+ Ke7 41. Re5+ 1-0

[Event "NAYCC U08"]
[Site "Montreal CAN"]
[Date "2010.08.19"]
[Round "7"]
[White "Sun, Nicholas (Xiaozhou)"]
[Black "Xi, Michael"]
[Result "0-1"]
[WhiteElo "696"]
[BlackElo "756"]
[PlyCount "94"]
[EventDate "2010.08.16"]
[EventType "swiss"]
[EventRounds "7"]
[EventCountry "CAN"]

1. e4 g6 2. d4 Bg7 3. Nf3 f6 4. Bd3 e6 5. Be3 Ne7 6. Nbd2 O-O 7. O-O Rf7 8. c3
Qf8 9. h3 h6 10. Re1 Nec6 11. d5 exd5 12. exd5 Nd8 13. Bc4 c6 14. dxc6 dxc6 15.
Bxf7+ Qxf7 16. Qb3 Be6 17. c4 Qf8 18. Red1 Na6 19. Ne4 Nb4 20. Bc5 Qe8 21. Bxb4
b6 22. Qe3 Bxc4 23. Rac1 Bxa2 24. Qa3 Bf7 25. Rc2 Qxe4 26. Rcd2 Qe8 27. Qd3 Nb7
28. Re2 Qc8 29. Qa6 b5 30. Re7 Bf8 31. Rxb7 Bxb4 32. Rdd7 Bb3 33. Rg7+ Kf8 34.
Rxg6 Rb8 35. Rxf6+ Ke8 36. Rxc6 Qxb7 37. Qxb7 Rxb7 38. Nd4 Bd5 39. Rxh6 Bf8 40.
Rh5 Ba2 41. Nxb5 Rd7 42. Re5+ Kd8 43. Rf5 Bd6 44. Rh5 Bf4 45. Rh8+ Ke7 46. Rh7+
Bf7 47. Rh4 Rd1# 0-1